MARC

LEADER 00000nam0a2200000 4500
001 71693
005 20240115162036.0
010 |a 5941540884 
035 |a (RuTPU)RU\TPU\book\76421 
090 |a 71693 
100 |a 20041223d2004 k y0rusy50 ca 
101 0 |a rus 
102 |a RU 
105 |a a z 001zy 
200 1 |a Мониторинг и оценка в условиях программно-целевого управления региональным развитием  |f Д. В. Визгалов, Б. С. Мозголин, И. Е. Никулина, И. В. Хоменко  |g Фонд "Агентство развития Томской области"; под ред. И. Е. Никулиной, И. В. Хоменко 
210 |a Томск  |c Дельтаплан  |d 2004 
215 |a 325 с.  |c ил. 
318 |5 63413507  |a Инновации в Томском политехническом университете 
320 |a Библиогр.: с. 253-256 
320 |a Интернет-ресурсы: с. 257-258 
610 1 |a экономика 
610 1 |a экономическая география 
610 1 |a регионы 
610 1 |a региональная экономика 
610 1 |a региональное развитие 
610 1 |a Западная Сибирь 
610 1 |a Томская область 
610 1 |a программно-целевое управление 
610 1 |a программы 
610 1 |a мониторинг 
610 1 |a социально-экономическое развитие 
610 1 |a социальная сфера 
610 1 |a инновации 
686 |a У04(2Р53)  |2 rubbk 
686 |a У9(2Р53)  |2 rubbk 
701 1 |a Визгалов  |b Д. В. 
701 1 |a Мозголин  |b Б. С. 
701 1 |a Никулина  |b И. Е.  |c экономист  |c профессор Томского политехнического университета, доктор экономических наук  |f 1958-  |g Ирина Евгеньевна  |3 (RuTPU)RU\TPU\pers\26743  |9 12386 
701 1 |a Хоменко  |b И. В.  |c экономист  |c доцент Томского политехнического университета, кандидат экономических наук  |f 1963-  |g Игорь Васильевич  |3 (RuTPU)RU\TPU\pers\33526 
702 1 |a Никулина  |b И. Е.  |4 340 
702 1 |a Хоменко  |b И. В.  |4 340 
712 0 2 |a Фонд "Агентство развития Томской области"  |3 (RuTPU)RU\TPU\col\6013 
801 1 |a RU  |b 63413507  |c 20041223  |g PSBO 
801 2 |a RU  |b 63413507  |c 20160601  |g PSBO 
942 |c BK